[Event "17th Asian Cities"]
[Site "Jakarta INA"]
[Date "2011.04.25"]
[Round "5.5"]
[White "Faisal, Abdulla"]
[Black "So, Wesley"]
[Result "1/2-1/2"]
[BlackTitle "GM"]
[WhiteElo "2275"]
[BlackElo "2667"]
[WhiteTeam "Abu Dhabi"]
[BlackTeam "Tagaytay"]
[WhiteFideId "9301232"]
[BlackFideId "5202213"]
[EventDate "2011.04.22"]

1. e4 c5 2. Nf3 d6 3. d4 cxd4 4. Qxd4 a6 5. c4 Nc6 6. Qe3 g6 7. Be2 Bg7 8. h3
Nf6 9. O-O O-O 10. Rd1 Be6 11. Nc3 Nd7 12. Rb1 Rc8 13. b3 Qb6 14. Qxb6 Nxb6 15.
Nd5 Nd7 16. Bg5 Rfe8 17. b4 h6 18. Be3 g5 19. g4 a5 20. a3 axb4 21. axb4 Nce5
22. Nxe5 Bxe5 23. Rdc1 Bxd5 24. cxd5 Nf6 25. Bb5 Rf8 26. f3 Rxc1+ 27. Rxc1 Ra8
28. Rc7 Ra3 29. Kf2 Rb3 30. Rxe7 Rb2+ 31. Kg1 Rb1+ 32. Kf2 Rxb4 33. Rxb7 Rb2+
34. Kg1 Rb3 35. Kf2 Rb2+ 36. Kg1 Rb1+ 37. Kf2 Rb2+ 1/2-1/2

[Event "17th Asian Cities"]
[Site "Jakarta INA"]
[Date "2011.04.25"]
[Round "5.5"]
[White "Khouri, Ahmed Abbas"]
[Black "Gomez, John Paul"]
[Result "0-1"]
[WhiteTitle "FM"]
[BlackTitle "GM"]
[WhiteElo "2013"]
[BlackElo "2538"]
[WhiteTeam "Abu Dhabi"]
[BlackTeam "Tagaytay"]
[WhiteFideId "9301518"]
[BlackFideId "5201381"]
[EventDate "2011.04.22"]

1. e4 c5 2. Nf3 g6 3. c3 Bg7 4. d4 cxd4 5. cxd4 d5 6. e5 Bg4 7. Nbd2 Nc6 8. h3
Bxf3 9. Nxf3 Nh6 10. Bd3 O-O 11. h4 f6 12. h5 g5 13. Qc2 fxe5 14. Bxh7+ Kh8 15.
Nxe5 Nxd4 16. Ng6+ Kxh7 17. Nxf8+ Kg8 18. Qh7+ Kxf8 19. Bxg5 Qa5+ 20. Kf1 Qa6+
21. Kg1 Ne2+ 22. Kf1 Ng3+ 23. Kg1 Nxh1 24. Bxe7+ Kf7 25. Bg5 Rh8 26. Qc2 Qc6 27.
Qb3 Nxf2 28. Qf3+ Kg8 29. Rc1 Qe6 30. Qxf2 Ng4 31. Qh4 Bd4+ 32. Kh1 Bf2 33. Qh3
Be1 34. Kg1 Qb6+ 35. Be3 Qxe3+ 36. Qxe3 Nxe3 37. Rxe1 d4 0-1

[Event "17th Asian Cities"]
[Site "Jakarta INA"]
[Date "2011.04.25"]
[Round "5.5"]
[White "Laylo, Darwin"]
[Black "Zayed, Ali Al-hamed"]
[Result "1-0"]
[WhiteTitle "GM"]
[WhiteElo "2516"]
[BlackElo "1928"]
[WhiteTeam "Tagaytay"]
[BlackTeam "Abu Dhabi"]
[WhiteFideId "5201330"]
[BlackFideId "9303340"]
[EventDate "2011.04.22"]

1. c4 Nf6 2. Nc3 e5 3. g3 d6 4. Bg2 g6 5. d3 Bg7 6. e4 Nc6 7. Nge2 O-O 8. O-O
Be6 9. h3 Ne8 10. Be3 h6 11. Qd2 Kh7 12. f4 f5 13. b3 Qd7 14. exf5 Bxf5 15. g4
Be6 16. d4 exd4 17. Nxd4 Nxd4 18. Bxd4 Bxd4+ 19. Qxd4 h5 20. gxh5 Bxh3 21. hxg6+
Kxg6 22. Rf2 Nf6 23. f5+ Bxf5 24. Raf1 Nh5 25. Rxf5 Rxf5 26. Qg4+ Kf6 27. Nd5+ 1-0

[Event "17th Asian Cities"]
[Site "Jakarta INA"]
[Date "2011.04.25"]
[Round "5.6"]
[White "Ahmad, AzizJawad Obada"]
[Black "Ghader Pour, Shayesteh"]
[Result "1/2-1/2"]
[WhiteTitle "IM"]
[BlackTitle "WIM"]
[WhiteElo "2348"]
[BlackElo "2241"]
[WhiteTeam "Baghdad"]
[BlackTeam "Mashhad"]
[WhiteFideId "4800680"]
[BlackFideId "12500747"]
[EventDate "2011.04.22"]

1. e4 c5 2. Nf3 e6 3. d4 cxd4 4. Nxd4 a6 5. c4 Nf6 6. Nc3 Bb4 7. Nc2 Bxc3+ 8.
bxc3 Nxe4 9. Qg4 f5 10. Qxg7 Qf6 11. Qxf6 Nxf6 12. Ba3 d5 13. cxd5 Nxd5 14. c4
Nf6 15. g3 Bd7 16. Bg2 Nc6 17. O-O Kf7 18. Rab1 Na5 19. Ne3 Bc6 20. Bxc6 bxc6
21. Bb4 Nb7 22. Bc3 Nc5 23. Rb6 Rhc8 24. Rd1 Nfd7 25. Rb7 Ke8 26. Rbb1 Rab8 27.
Rxb8 Rxb8 28. f3 Ke7 29. Kf2 Na4 30. Ba1 c5 31. f4 Rb4 32. Re1 Kf7 33. g4 fxg4
34. f5 exf5 35. Nxf5 Nf6 36. Nd6+ Kg6 37. Re6 Nb2 38. Ke3 Kg5 39. Re5+ Kg6 40.
Rxc5 h5 41. Rc6 Kg5 42. Kd2 h4 43. Kc3 Rb8 44. Bxb2 g3 45. hxg3 h3 46. Bc1+ Kg4
47. Nf7 h2 48. Rxf6 h1=Q 49. Ne5+ Kxg3 50. Rg6+ Kf2 51. Nd3+ Ke2 52. Re6+ Kf3
53. Rf6+ Kg2 54. Rg6+ Kf3 1/2-1/2

[Event "17th Asian Cities"]
[Site "Jakarta INA"]
[Date "2011.04.25"]
[Round "5.6"]
[White "Khademalsharieh, Sarasadat"]
[Black "Ahmed, Abdul Sattar abdulwhhab"]
[Result "1-0"]
[WhiteTitle "WFM"]
[BlackTitle "FM"]
[WhiteElo "2137"]
[BlackElo "2322"]
[WhiteTeam "Mashhad"]
[BlackTeam "Baghdad"]
[WhiteFideId "12512214"]
[BlackFideId "4801849"]
[EventDate "2011.04.22"]

1. d4 d5 2. c4 c6 3. cxd5 cxd5 4. Bf4 Nc6 5. e3 Nf6 6. Nc3 a6 7. Nf3 Bg4 8. Be2
e6 9. O-O Bd6 10. Bxd6 Qxd6 11. Rc1 O-O 12. Na4 Nd7 13. Qb3 b5 14. Nc5 Nxc5 15.
Rxc5 Bxf3 16. Bxf3 Ne5 17. Be2 Nd7 18. Rc2 Nb6 19. Rfc1 Nc4 20. Qd3 Qb4 21. b3
Na3 22. Rc5 a5 23. Bf3 g6 24. h4 a4 25. h5 axb3 26. axb3 Qa5 27. e4 Rae8 28.
exd5 exd5 29. Bxd5 Re1+ 30. Kh2 Rxc1 31. Rxc1 Qd8 32. Bf3 Qg5 33. Qe3 Qh4+ 34.
Kg1 b4 35. h6 Rd8 36. g3 Qf6 37. Rc6 Qf5 38. Qe7 Rf8 39. Kg2 Qb5 40. Qf6 1-0

[Event "17th Asian Cities"]
[Site "Jakarta INA"]
[Date "2011.04.25"]
[Round "5.6"]
[White "Ali, Ghassan M."]
[Black "Alavi, Homa"]
[Result "1/2-1/2"]
[WhiteTitle "FM"]
[WhiteElo "2152"]
[BlackElo "2008"]
[WhiteTeam "Baghdad"]
[BlackTeam "Mashhad"]
[WhiteFideId "4800168"]
[BlackFideId "12507547"]
[EventDate "2011.04.22"]

1. e4 c5 2. Nf3 e6 3. d4 cxd4 4. Nxd4 a6 5. c4 Nf6 6. Nc3 d6 7. Be2 b6 8. O-O
Bb7 9. f3 g6 10. Be3 Bg7 11. Qd2 Qc7 12. Ndb5 axb5 13. Nxb5 Qc6 14. Nxd6+ Kf8
15. Nxb7 Qxb7 16. Qd8+ Ne8 17. Rfd1 Nc6 18. Qxb6 Qxb6 19. Bxb6 Bxb2 20. Rab1 Be5
21. c5 Rxa2 22. Bb5 Nd4 23. c6 Ne2+ 24. Bxe2 Rxe2 25. Rbc1 Bf4 26. Rc3 Be5 27.
Rcc1 Bf4 28. Rc3 1/2-1/2

[Event "17th Asian Cities"]
[Site "Jakarta INA"]
[Date "2011.04.25"]
[Round "5.7"]
[White "Nyi Nyi Lwin"]
[Black "Shrestha, Bilam Lal"]
[Result "1/2-1/2"]
[BlackTitle "FM"]
[WhiteElo "2219"]
[BlackElo "2129"]
[WhiteTeam "Yangon"]
[BlackTeam "Kathmandu"]
[WhiteFideId "13002481"]
[BlackFideId "12300047"]
[EventDate "2011.04.22"]

1. e4 d6 2. Nf3 g6 3. d4 Bg7 4. Bd3 Bg4 5. c3 Nd7 6. Nbd2 e5 7. h3 Bxf3 8. Nxf3
Ne7 9. O-O O-O 10. Bg5 h6 11. Bh4 g5 12. Bg3 Ng6 13. dxe5 Ndxe5 14. Bc2 Nxf3+
15. Qxf3 Be5 16. Qh5 Kg7 17. Rad1 Qe7 18. Rfe1 Rad8 19. Re3 Nf4 20. Bxf4 gxf4
21. Red3 Qg5 22. Qf3 Rg8 23. Bb3 Rdf8 24. Bc4 Kh8 25. R3d2 Rg7 26. Bf1 Rfg8 27.
a4 Qh4 28. Rd3 a5 29. Ra1 b6 30. Rc1 Qe7 31. Kh1 Rg5 32. Qe2 Qe6 33. Qd1 Qg6 34.
Qf3 Qe6 35. Qd1 Qg6 36. Qf3 Qe6 1/2-1/2

[Event "17th Asian Cities"]
[Site "Jakarta INA"]
[Date "2011.04.25"]
[Round "5.7"]
[White "Wynn Zaw Htun"]
[Black "Tandukar, Naveen"]
[Result "1-0"]
[WhiteTitle "IM"]
[WhiteElo "2382"]
[BlackElo "1978"]
[WhiteTeam "Yangon"]
[BlackTeam "Kathmandu"]
[WhiteFideId "13002783"]
[BlackFideId "5021189"]
[EventDate "2011.04.22"]

1. Nf3 g6 2. g3 Bg7 3. Bg2 Nf6 4. O-O O-O 5. c4 d6 6. Nc3 c6 7. d3 Nbd7 8. h3
Rb8 9. Bd2 h6 10. b4 c5 11. b5 e6 12. Qb3 Qe7 13. e4 e5 14. Qa3 Ra8 15. Ne1 Nb6
16. Nc2 Ne8 17. Rae1 Nc7 18. Ne3 Ne6 19. Ncd5 Nxd5 20. Nxd5 Qd8 21. Nb6 Qxb6 22.
Ba5 Bd7 23. Bxb6 axb6 24. Qb2 Ra4 25. a3 Rfa8 26. Ra1 Nd4 27. Ra2 Be6 28. Kh2
Kh7 29. h4 g5 30. hxg5 hxg5 31. f3 Kg6 32. Kg1 Rh8 33. Qd2 Bh6 34. Kf2 f5 35.
exf5+ Bxf5 36. Rh1 Ra5 37. Qd1 Kg7 38. Bh3 Bg6 39. Bg4 Rf8 40. Kg1 Rf6 41. Rah2
Bh7 42. a4 Ra8 43. Kg2 Bf5 44. Rxh6 Rxh6 45. Rxh6 Bxg4 46. Rxd6 Bxf3+ 47. Qxf3
Nxf3 48. Kxf3 Rxa4 49. Rxb6 Ra1 50. Rxb7+ Kf6 51. Rb6+ Ke7 52. Rc6 Rd1 53. Ke4
Rg1 54. Rxc5 Kd6 1-0

[Event "17th Asian Cities"]
[Site "Jakarta INA"]
[Date "2011.04.25"]
[Round "5.7"]
[White "Bajracharya, Rajendra"]
[Black "Zaw Oo"]
[Result "0-1"]
[BlackTitle "FM"]
[WhiteElo "1989"]
[BlackElo "2291"]
[WhiteTeam "Kathmandu"]
[BlackTeam "Yangon"]
[WhiteFideId "12300241"]
[BlackFideId "13000195"]
[EventDate "2011.04.22"]

1. e4 c5 2. Nf3 Nc6 3. d4 cxd4 4. Nxd4 Qc7 5. Nc3 e6 6. Be2 a6 7. O-O Nf6 8. Be3
Bb4 9. Bd3 Ne5 10. Nde2 b5 11. h3 Bb7 12. a3 Bc5 13. Bxc5 Qxc5 14. Ng3 O-O 15.
Qe2 Rac8 16. Nd1 d5 17. exd5 Nxd3 18. cxd3 Qxd5 19. Ne3 Qb3 20. Rac1 h6 21. Rfd1
Rfd8 22. Rxc8 Rxc8 23. Qd2 Nd5 24. Ngf1 Nf4 25. Kh2 Rd8 26. Qa5 Rd7 27. Rd2 Nxd3
28. Nd1 Bxg2 29. Kxg2 Ne1+ 0-1

[Event "17th Asian Cities"]
[Site "Jakarta INA"]
[Date "2011.04.25"]
[Round "5.8"]
[White "Reilly, Tim"]
[Black "Yeap, Eng Chiam"]
[Result "1-0"]
[WhiteTitle "FM"]
[WhiteElo "2271"]
[BlackElo "2140"]
[WhiteTeam "Sydney"]
[BlackTeam "Penang"]
[WhiteFideId "3200302"]
[BlackFideId "5702682"]
[EventDate "2011.04.22"]

1. d4 e6 2. c4 b6 3. Nc3 f5 4. e3 Bb7 5. Nf3 Nf6 6. Be2 Bb4 7. Qb3 Nc6 8. O-O
Qe7 9. Nb5 d5 10. a3 Bd6 11. Qc2 O-O 12. b4 dxc4 13. Bxc4 Kh8 14. Bb2 Rad8 15.
Rac1 Ng4 16. h3 Nxb4 17. axb4 Bxf3 18. Nxd6 Qg5 19. Rfe1 cxd6 20. hxg4 fxg4 21.
Bxe6 d5 22. Qc7 Rde8 23. Rc6 Be4 24. Qg3 h5 25. Rec1 Qe7 26. Ba3 Rf6 27. Bc8
Ref8 28. Rxf6 Qxf6 29. b5 h4 30. Qf4 Qxf4 31. exf4 Rxf4 32. Bd6 Rf6 33. Be7 Rf4
34. Bd6 Rf6 35. Be5 Rg6 36. Rc6 a5 37. Rxg6 Bxg6 38. Bxg4 Bd3 39. Bd7 a4 40. Bd6
Kh7 41. Kh2 g5 42. Kh3 Kg6 43. Kg4 Kf6 44. g3 Be2+ 45. f3 h3 46. Kxh3 Bxf3 47.
g4 Be2 48. Kg3 Bd3 49. Kf2 Bg6 50. Ke3 Bb1 51. Kd2 Ba2 52. Kc3 Bb3 53. Kb4 Bd1
54. Bc8 Kf7 55. Bc7 Ke7 56. Bxb6 Bb3 57. Bc7 Bc4 58. b6 Bb5 59. b7 1-0

[Event "17th Asian Cities"]
[Site "Jakarta INA"]
[Date "2011.04.25"]
[Round "5.9"]
[White "Suhail, Abdurahim"]
[Black "Verdiana, Norasya"]
[Result "1-0"]
[WhiteElo "2242"]
[BlackElo "1915"]
[WhiteTeam "Dubai"]
[BlackTeam "Pekanbaru"]
[WhiteFideId "9300228"]
[BlackFideId "7102402"]
[EventDate "2011.04.22"]

1. Nc3 Nf6 2. e4 e5 3. f4 d5 4. fxe5 Nxe4 5. Nf3 Bc5 6. d4 Bb4 7. Bd2 Nxd2 8.
Qxd2 Bg4 9. Be2 c5 10. dxc5 Nc6 11. a3 Qa5 12. O-O-O Bxc3 13. Qxc3 Qxc3 14. bxc3
O-O-O 15. h3 Bh5 16. g4 Bg6 17. Bd3 Rhe8 18. Rhe1 Kc7 19. h4 Re7 20. h5 Bxd3 21.
cxd3 d4 22. Re4 Red7 23. Kc2 h6 24. cxd4 Nxd4+ 25. Nxd4 Rxd4 26. Rxd4 Rxd4 27.
Rf1 Rd7 28. Kc3 Kc6 29. Kc4 b5+ 30. cxb6 axb6 31. d4 b5+ 32. Kd3 Ra7 33. Ke4
Rxa3 34. Rxf7 b4 35. d5+ Kc5 36. d6 b3 37. Rb7 Kc6 38. Rb8 Kd7 39. Kf5 Ra1 40.
Rb7+ Kc6 41. Rxb3 Kd5 42. Rd3+ Kc6 1-0

[Event "17th Asian Cities"]
[Site "Jakarta INA"]
[Date "2011.04.25"]
[Round "5.10"]
[White "Wong, Meng Kong"]
[Black "Esa, A H Almarazeeq"]
[Result "1-0"]
[WhiteTitle "GM"]
[WhiteElo "2358"]
[BlackElo "1786"]
[WhiteTeam "Singapore"]
[BlackTeam "Sharjah"]
[WhiteFideId "5800030"]
[BlackFideId "9306250"]
[EventDate "2011.04.22"]

1. d4 Nf6 2. c4 e6 3. Nf3 d5 4. Nc3 Be7 5. Bg5 O-O 6. e3 h6 7. Bh4 Ne4 8. Bxe7
Qxe7 9. Qb3 c6 10. Bd3 Nxc3 11. Qxc3 dxc4 12. Bxc4 b6 13. O-O Nd7 14. b4 Bb7 15.
Be2 Rac8 16. Rfc1 c5 17. bxc5 bxc5 18. Qa3 Bxf3 19. Bxf3 Rc7 20. Be2 e5 21. Bb5
Rfc8 22. Ba6 Re8 23. Qa5 Nb8 24. Bb5 Rec8 25. d5 f5 26. Rc4 Qd6 27. Rd1 Nd7 28.
Bxd7 Rxd7 29. e4 Rb7 30. exf5 Qxd5 31. Rcc1 Qc6 32. Qc3 Qf6 33. Rd5 e4 34. Qc4
Rb4 35. Rd8+ 1-0

[Event "17th Asian Cities"]
[Site "Jakarta INA"]
[Date "2011.04.25"]
[Round "5.10"]
[White "Abdulkarim, Ali"]
[Black "Iskandar, Bin Abdullah"]
[Result "0-1"]
[WhiteElo "1898"]
[BlackElo "1876"]
[WhiteTeam "Sharjah"]
[BlackTeam "Singapore"]
[WhiteFideId "9301640"]
[BlackFideId "5802105"]
[EventDate "2011.04.22"]

1. d4 Nf6 2. c4 d6 3. Nc3 g6 4. e4 Bg7 5. f3 O-O 6. Be3 c5 7. d5 Nbd7 8. Qd2 a6
9. Bh6 Rb8 10. h4 Nh5 11. Nge2 Ne5 12. Bxg7 Kxg7 13. Nf4 Ng3 14. Rh2 Nxf1 15.
Kxf1 Nxc4 16. Qc1 e5 17. Nfe2 f5 18. h5 f4 19. hxg6 hxg6 20. g3 Ne3+ 21. Ke1
fxg3 22. Nxg3 Rxf3 23. Kd2 Rxg3 24. Qh1 Qg5 25. Rh7+ Kf6 26. Na4 Nc4+ 27. Kc2
Rg2+ 28. Kb3 Qe3+ 29. Nc3 Rxb2+ 0-1

[Event "17th Asian Cities"]
[Site "Jakarta INA"]
[Date "2011.04.25"]
[Round "5.11"]
[White "Yee, Soon Wei"]
[Black "Lee, Sanghoon"]
[Result "1-0"]
[WhiteTitle "FM"]
[BlackTitle "CM"]
[WhiteElo "2285"]
[BlackElo "2132"]
[WhiteTeam "Bandar Seri Begawan"]
[BlackTeam "Seoul"]
[WhiteFideId "10500553"]
[BlackFideId "13200011"]
[EventDate "2011.04.22"]

1. e4 c5 2. Nf3 d6 3. d4 cxd4 4. Nxd4 Nf6 5. Nc3 g6 6. Bg5 Bg7 7. Bb5+ Bd7 8.
Qe2 O-O 9. O-O-O a6 10. Bxd7 Nbxd7 11. f4 Re8 12. e5 Nh5 13. exd6 Nxf4 14. Qf2
Bxd4 15. Rxd4 Ne6 16. Bxe7 Qb6 17. Rd2 Qxf2 18. Rxf2 Rac8 19. Rd1 Rc5 20. Nd5
Nef8 21. g4 Ne6 22. Nf6+ Nxf6 23. Bxf6 Nd8 24. d7 Rf8 25. Be7 Re5 26. Ba3 Kg7
27. Bxf8+ Kxf8 28. Kd2 Rd5+ 29. Ke1 Rxd1+ 30. Kxd1 Ke7 31. Rd2 Nc6 32. Ke2 Kd8
33. Kf3 Ne5+ 34. Kf4 Nxd7 35. Rd3 Ke7 36. Rb3 b5 37. Ra3 Nc5 38. b4 Ne6+ 39. Ke4
Nc7 40. g5 f6 41. Rh3 Ne6 42. Rxh7+ Kd6 43. Ra7 f5+ 44. Ke3 Nc7 45. h4 Nd5+ 46.
Kd2 Nxb4 47. h5 gxh5 48. g6 Nd5 49. g7 Nf6 50. Rxa6+ 1-0

[Event "17th Asian Cities"]
[Site "Jakarta INA"]
[Date "2011.04.25"]
[Round "5.11"]
[White "Jang, Kyungsik"]
[Black "Pg, L Wijaya Pg Hj Mohd Limbang"]
[Result "1-0"]
[WhiteElo "1779"]
[BlackElo "2301"]
[WhiteTeam "Seoul"]
[BlackTeam "Bandar Seri Begawan"]
[WhiteFideId "13201166"]
[BlackFideId "10500480"]
[EventDate "2011.04.22"]

1. e4 c5 2. Nf3 Nc6 3. d4 cxd4 4. Nxd4 Qb6 5. Nxc6 dxc6 6. Nc3 e5 7. Be2 Be6 8.
O-O Rd8 9. Qe1 Ne7 10. b3 Ng6 11. Be3 Qc7 12. Na4 b6 13. Qc3 Bd6 14. Rfd1 O-O
15. Nb2 Nf4 16. Bf1 Kh8 17. Nd3 Nxd3 18. Rxd3 f5 19. exf5 e4 20. Rxd6 Qxd6 21.
fxe6 Qxe6 22. Bd4 Qg6 23. Re1 Rde8 24. Re3 c5 25. Be5 Rf3 26. Bg3 Rxe3 27. Qxe3
Rd8 28. Be5 Qg4 29. Qg3 Qxg3 30. hxg3 Rd2 31. Bb8 Rd7 32. Bf4 Kg8 33. Be2 Kf7
34. Kf1 Kf6 35. g4 h6 36. Ke1 g5 37. Be3 Ke5 38. Bc4 Rd8 39. Ke2 Rd7 40. Bd2 Kd4
41. a4 a5 42. c3+ Ke5 43. Ke3 Rd8 44. b4 Ra8 45. bxc5 bxc5 46. Bb5 Rd8 47. Ke2
Ra8 48. c4 Ra7 49. Ke3 Ra8 50. Bc3+ Kd6 51. Kxe4 1-0

[Event "17th Asian Cities"]
[Site "Jakarta INA"]
[Date "2011.04.25"]
[Round "5.11"]
[White "Munir, Azizi Bin Ahmad"]
[Black "Kim, Taegyeong"]
[Result "1-0"]
[BlackTitle "WCM"]
[WhiteElo "1928"]
[BlackElo "1506"]
[WhiteTeam "Bandar Seri Begawan"]
[BlackTeam "Seoul"]
[WhiteFideId "10500057"]
[BlackFideId "13200976"]
[EventDate "2011.04.22"]

1. e4 Nf6 2. e5 Nd5 3. d4 d6 4. c4 Nb6 5. f4 dxe5 6. fxe5 Nc6 7. Be3 Bf5 8. a3
e6 9. Nf3 Bg4 10. Nbd2 Qd7 11. Qc2 O-O-O 12. O-O-O Ne7 13. Ne4 Bxf3 14. gxf3 Nf5
15. Bf2 Qc6 16. Be2 Be7 17. f4 h6 18. h4 Rd7 19. c5 Nd5 20. Nc3 Nde3 21. Bxe3
Nxe3 22. Bb5 Qxh1 23. Bxd7+ Kxd7 24. Rxh1 Nxc2 25. Kxc2 c6 26. h5 g5 27. fxg5
Bxg5 28. Rf1 Rf8 29. Ne4 Be3 30. Kd3 Bg5 31. Nd6 b6 32. cxb6 axb6 33. Rxf7+ Rxf7
34. Nxf7 Ke7 35. Nd6 b5 36. b3 Bc1 37. a4 bxa4 38. bxa4 Ba3 39. Kc4 Bxd6 40.
exd6+ Kxd6 41. a5 Kd7 42. a6 Kc7 43. Kc5 1-0

[Event "17th Asian Cities"]
[Site "Jakarta INA"]
[Date "2011.04.25"]
[Round "5.12"]
[White "Tsang, Hon Ki"]
[Black "Jayamurthey, Pavitranayagi"]
[Result "1-0"]
[WhiteElo "2079"]
[BlackElo "1676"]
[WhiteTeam "Hongkong"]
[BlackTeam "Putrajaya"]
[WhiteFideId "6000185"]
[BlackFideId "5708885"]
[EventDate "2011.04.22"]

1. e4 e5 2. Nf3 Nc6 3. Bb5 a6 4. Ba4 Nf6 5. d4 exd4 6. O-O b5 7. Bb3 d6 8. a4
Bg4 9. axb5 axb5 10. Rxa8 Qxa8 11. c3 d3 12. Qxd3 Bxf3 13. gxf3 Ne5 14. Qxb5+ c6
15. Qe2 Qc8 16. f4 Ng6 17. e5 dxe5 18. fxe5 Ng4 19. e6 N4e5 20. Be3 Qb7 21. Nd2
h5 22. exf7+ Kd7 23. f4 Ng4 24. Qd3+ Kc7 25. Bd4 Nh4 26. h3 c5 27. Bd5 Qc8 28.
Be5+ Nxe5 29. fxe5 Rh6 30. Kh1 Qd8 31. Ne4 Qe7 32. e6 g5 33. Qg3+ Kc8 34. Ra1 1-0

[Event "17th Asian Cities"]
[Site "Jakarta INA"]
[Date "2011.04.26"]
[Round "6.1"]
[White "Sukandar, Irine Kharisma"]
[Black "Yu, Yangyi"]
[Result "0-1"]
[WhiteTitle "WGM"]
[BlackTitle "GM"]
[WhiteElo "2354"]
[BlackElo "2652"]
[WhiteTeam "Tarakan"]
[BlackTeam "Shi Jiazhuang"]
[WhiteFideId "7101937"]
[BlackFideId "8603820"]
[EventDate "2011.04.22"]

1. e4 c5 2. Nf3 e6 3. d4 cxd4 4. Nxd4 a6 5. Bd3 Nf6 6. O-O Qc7 7. Kh1 Bc5 8. Nb3
Be7 9. f4 d6 10. Qf3 Nbd7 11. Nc3 b6 12. Be3 Bb7 13. Rae1 h5 14. Qh3 O-O-O 15.
a4 Kb8 16. a5 b5 17. e5 Ng4 18. exd6 Bxd6 19. Be4 Nxe3 20. Qxe3 Nf6 21. Bxb7
Qxb7 22. Rd1 h4 23. Qf3 Qxf3 24. Rxf3 Bb4 25. Rdf1 Rc8 26. Na2 Bd6 27. c3 Rc4
28. Nac1 b4 29. Ne2 Ne4 30. Rd1 Rh5 31. Kg1 Kc7 32. Rfd3 bxc3 33. Nxc3 Nxc3 34.
bxc3 Rd5 35. Rxd5 exd5 36. Rxd5 Rxc3 37. Nd2 Bxf4 38. Ne4 Rc1+ 39. Kf2 Bxh2 40.
Rh5 Rc4 41. Kf3 Bd6 42. Rh7 Be5 43. Rh5 f6 44. Rh7 f5 45. Ng5 Rf4+ 46. Ke2 Rg4
47. Nf3 Bf6 48. Kf2 Kc6 49. Rh5 g6 50. Rh7 Kb5 51. Rb7+ Kxa5 52. Nd2 Ka4 53. Nb3
a5 54. Rb6 Bd4+ 55. Nxd4 Rxd4 56. Rxg6 Kb3 57. Rf6 a4 58. Rxf5 a3 59. Ke3 Rb4
60. Kd3 a2 61. Rf1 Ra4 0-1

[Event "17th Asian Cities"]
[Site "Jakarta INA"]
[Date "2011.04.26"]
[Round "6.1"]
[White "Li, Chao b"]
[Black "Medina, Warda Aulia"]
[Result "1-0"]
[WhiteTitle "GM"]
[BlackTitle "WFM"]
[WhiteElo "2646"]
[BlackElo "2035"]
[WhiteTeam "Shi Jiazhuang"]
[BlackTeam "Tarakan"]
[WhiteFideId "8604436"]
[BlackFideId "7101570"]
[EventDate "2011.04.22"]

1. e4 e6 2. d4 d5 3. Nc3 Nf6 4. e5 Nfd7 5. f4 c5 6. Nf3 Nc6 7. Be3 a6 8. Qd2 b5
9. Bd3 cxd4 10. Nxd4 Nxd4 11. Bxd4 Bc5 12. Ne2 Qb6 13. Qe3 O-O 14. O-O-O b4 15.
g4 Re8 16. Rhg1 a5 17. Rg3 Ba6 18. Bxa6 Rxa6 19. Rh3 Raa8 20. Qd3 Nf8 21. Bxc5
Qxc5 22. Nd4 a4 23. Kb1 Rab8 24. Re1 b3 25. cxb3 Rb4 26. Rd1 axb3 27. Nxb3 Qc6
28. Rc1 Qa4 29. Nc5 Qa7 30. Qd2 Rb5 31. Rhc3 Reb8 32. R1c2 h6 33. a3 Nd7 34.
Nxd7 Qxd7 35. Qd4 Ra5 36. Rc7 Qa4 37. Rc8+ Rxc8 38. Rxc8+ Kh7 39. Qd2 g6 40. Rc7
Kg7 41. f5 gxf5 42. gxf5 exf5 43. e6 Ra7 44. Qg2+ Kf6 45. exf7 Qd1+ 46. Ka2 1-0

[Event "17th Asian Cities"]
[Site "Jakarta INA"]
[Date "2011.04.26"]
[Round "6.1"]
[White "Wang, Rui"]
[Black "Lindiawati, Evi"]
[Result "0-1"]
[WhiteTitle "GM"]
[BlackTitle "WCM"]
[WhiteElo "2437"]
[BlackElo "2106"]
[WhiteTeam "Shi Jiazhuang"]
[BlackTeam "Tarakan"]
[WhiteFideId "8601003"]
[BlackFideId "7101449"]
[EventDate "2011.04.22"]

1. d4 Nf6 2. c4 e6 3. Nc3 Bb4 4. g3 O-O 5. Bg2 d5 6. Nf3 Ne4 7. Qc2 c5 8. O-O
cxd4 9. Nxd4 Nxc3 10. bxc3 Bc5 11. Nb3 Bb6 12. cxd5 exd5 13. Ba3 Re8 14. Rad1
Be6 15. c4 Nd7 16. cxd5 Bg4 17. Rd2 Rc8 18. Qd1 Ne5 19. h3 Bd7 20. Rc2 Nc4 21.
Bc1 Bf5 22. Rc3 Qf6 23. Rf3 Qe5 24. Rf4 g5 25. Rxf5 Qxf5 26. e4 Qe5 27. Qg4 h6
28. Kh1 Qg7 29. Qd1 Nd6 30. Qd3 Rc3 31. Qe2 Rc7 32. Bb2 Qg6 33. f3 Rec8 34. Rc1
Nc4 35. Bd4 Qd6 36. f4 gxf4 37. e5 Nxe5 38. Rxc7 Bxc7 39. Nc5 f3 40. Bxf3 Nxf3
41. Qxf3 Qxg3 42. Qxg3+ Bxg3 43. Nxb7 Rc7 44. Nc5 Bd6 45. Nb3 Rc2 46. Bxa7 Rxa2
47. Bg1 Ra3 48. Nd4 Rxh3+ 49. Kg2 Rh5 50. Kf3 Rxd5 51. Ke4 Re5+ 52. Kf3 Bc5 53.
Nc6 Re6 0-1

[Event "17th Asian Cities"]
[Site "Jakarta INA"]
[Date "2011.04.26"]
[Round "6.2"]
[White "Moradiabadi, Elshan"]
[Black "Jumabayev, Rinat"]
[Result "1/2-1/2"]
[WhiteTitle "GM"]
[BlackTitle "GM"]
[WhiteElo "2537"]
[BlackElo "2562"]
[WhiteTeam "Tehran"]
[BlackTeam "Astana"]
[WhiteFideId "12501255"]
[BlackFideId "13702661"]
[EventDate "2011.04.22"]

1. e4 e5 2. Nf3 Nc6 3. Bb5 Nf6 4. O-O Nxe4 5. d4 Nd6 6. Bxc6 dxc6 7. dxe5 Nf5 8.
Qxd8+ Kxd8 9. Nc3 Ke8 10. h3 h5 11. Rd1 Be7 12. Bf4 Bd7 13. Rd3 Rd8 14. Rad1 Bc8
15. Rxd8+ Bxd8 16. Bg5 Bxg5 17. Nxg5 Ke7 18. Ne2 Nh4 19. Nf4 f6 20. exf6+ Kxf6
21. Ne4+ Ke5 22. Re1 Nf3+ 23. gxf3 Kxf4 24. h4 Kf5 25. Ng5 Kf6 26. Ne4+ Kg6 27.
Ng5 Kf6 28. Ne4+ Kg6 29. Ng5 Kf6 1/2-1/2

[Event "17th Asian Cities"]
[Site "Jakarta INA"]
[Date "2011.04.26"]
[Round "6.2"]
[White "Ismagambetov, Anuar"]
[Black "Mahjoob, Morteza"]
[Result "1-0"]
[WhiteTitle "GM"]
[BlackTitle "GM"]
[WhiteElo "2496"]
[BlackElo "2487"]
[WhiteTeam "Astana"]
[BlackTeam "Tehran"]
[WhiteFideId "13701525"]
[BlackFideId "12500798"]
[EventDate "2011.04.22"]

1. e4 c6 2. d4 d5 3. Nd2 dxe4 4. Nxe4 Bf5 5. Ng3 Bg6 6. Nf3 Nd7 7. h4 h6 8. h5
Bh7 9. Bd3 Bxd3 10. Qxd3 e6 11. Bd2 Ngf6 12. O-O-O Be7 13. Rhe1 O-O 14. Qe2 Rc8
15. Kb1 c5 16. Nf5 cxd4 17. N3xd4 Bc5 18. Nxh6+ gxh6 19. Bxh6 Re8 20. g4 Nd5 21.
c4 Qf6 22. g5 Qf4 23. Nc2 N5b6 24. b3 e5 25. f3 f5 26. Qd3 Re6 27. b4 Be7 28. c5
Bxc5 29. bxc5 Nxc5 30. Qd2 Qxf3 31. Nd4 Qa3 32. Nxe6 Nc4 33. Qc1 Qb4+ 34. Ka1
Nb3+ 35. axb3 Qa5+ 36. Kb1 Na3+ 37. Kb2 Rxc1 38. Rxc1 Nb5 39. Rc8+ Kf7 40. Nd8+
Ke7 41. Bf8+ Kd7 42. Rec1 Qd2+ 43. R1c2 Qd4+ 44. Ka2 e4 45. Nxb7 Qb6 1-0